000 00692nam a22002297a 4500
999 _c348
_d348
003 AR-CdUCM
008 190223b ||||| |||| 00| 0 spa d
020 _a9681809548
040 _aMUNICIPALIDAD PROVINCIAL DEL CUSCO
_cBIBLIOTECA MUNICIPAL DEL CUSCO
041 _heng
082 _21ra reimpresión
_a818.46 /
_bEA11
100 _aEaton, Jeanette
_91418
245 _aMarkk Twain y su mundo /
260 _aMéxico :
_bLimusa,
_c1968.
300 _a269 páginas ;
_bilustraciones,
_c20 cm.
650 _aTwain, Mark
_91419
650 _aAutores estadounidenses
_91420
650 _aBiografía
_922
700 _aMateo, Andrés M. (traductor)
_91421
942 _2ddc
_cLIBROS
945 _azta